000 00591cam a22001933a 4500
001 39353
003 PGUSA
005 20140828083856.0
008 120402s2012||||xxu|||||s|||||000 | eng d
040 _aPGUSA
_beng
042 _adc
245 1 0 _aEncyclopaedia Britannica, 11th Edition, Volume 13, Slice 4 :
_b"Hero" to "Hindu Chronology"
_h[electronic resource] /
_cVarious
260 _bProject Gutenberg,
_c2012
506 _aPublic domain in the USA.
516 _aElectronic text
830 0 _aProject Gutenberg
_v39353
856 4 0 _uhttp://www.gutenberg.org/ebooks/39353
942 _cEB
999 _c268606
_d268606